000 00899nam a2200265Ia 4500
999 _c20855
_d20855
001 19622
003 DO-CoUTE
005 20260204212602.0
008 220104s9999 dr 000 0 spa d
020 _a978-987-538-221-3
040 _aDO-CoUTE
_bspa
_cDO-CoUTE
041 0 _aspa
082 _a150.195 W313a 2008
_221
100 1 _aWaserman, Mario
_eautor
245 1 0 _aAproximaciones psicoanalíticas al juego y al aprendizaje : ensayos y errores / Mario Waserman
250 _aprimera edición
260 _aBuenos Aires, Argentina :
_bEditorial Centro de Publicaciones Educativas y Material Didáctico,
_c2008
300 _a278 páginas :
_bIlustraciones ;
_c22cm.
490 _aConjunciones
501 _aIncluye referencia bibliográfica e índice
650 4 _aPsicoanálisis
942 _2ddc
_cBK